Wszystkie Gminy w Łódzkim - Statystyki

Ogólne statystyki
  • Ten quiz został rozwiązany 203 razy
  • Średni wynik to 50 z 178
Statystyki odpowiedzi
Powiat Typ gminy Gmina % Poprawnych
miasta na prawach powiatu Łódź
91%
Piotrków Trybunalski
89%
Skierniewice
82%
pabianicki miejska | wiejska Pabianice
79%
bełchatowski miejska | wiejska Bełchatów
77%
łaski miejsko-wiejska Łask
77%
miejska | wiejska Zgierz
77%
sieradzki miejska | wiejska Sieradz
76%
wieluński miejsko-wiejska Wieluń
76%
kutnowski miejska | wiejska Kutno
74%
zduńskowolski miejska | wiejska Zduńska Wola
74%
łowicki miejska | wiejska Łowicz
73%
łęczycki miejska | wiejska Łęczyca
71%
poddębicki miejsko-wiejska Poddębice
69%
tomaszowski miejska | wiejska Tomaszów Mazowiecki
69%
wiejska Aleksandrów
68%
brzeziński miejska | wiejska Brzeziny
68%
opoczyński miejsko-wiejska Opoczno
68%
pajęczański miejsko-wiejska Pajęczno
68%
radomszczański miejska | wiejska Radomsko
68%
rawski miejska | wiejska Rawa Mazowiecka
67%
wieruszowski miejsko-wiejska Wieruszów
65%
miejsko-wiejska Rzgów
57%
miejsko-wiejska Tuszyn
56%
łódzki wschodni miejsko-wiejska Koluszki
53%
miejsko-wiejska Stryków
50%
miejsko-wiejska Uniejów
49%
miejska Konstantynów Łódzki
46%
piotrkowski miejsko-wiejska Sulejów
46%
miejska | wiejska Ozorków
45%
wiejska Andrespol
44%
miejsko-wiejska Kamieńsk
44%
miejsko-wiejska Aleksandrów Łódzki
43%
zgierski miejska | wiejska Głowno
41%
miejsko-wiejska Warta
39%
miejsko-wiejska Wolbórz
38%
miejsko-wiejska Piątek
37%
miejsko-wiejska Szadek
36%
wiejska Biała
35%
miejsko-wiejska Złoczew
35%
miejsko-wiejska Zelów
34%
wiejska Kleszczów
33%
miejsko-wiejska Krośniewice
32%
wiejska Lutomiersk
32%
miejsko-wiejska Przedbórz
32%
miejsko-wiejska Działoszyn
31%
miejsko-wiejska Lututów
30%
miejsko-wiejska Błaszki
26%
miejsko-wiejska Biała Rawska
25%
wiejska Brójce
25%
wiejska Ksawerów
25%
wiejska Moszczenica
25%
wiejska Nowosolna
25%
wiejska Ujazd
25%
miejsko-wiejska | wiejska Żychlin
25%
wiejska Rozprza
24%
wiejska Szczerców
23%
wiejska Buczek
21%
wiejska Dłutów
21%
miejsko-wiejska Drzewica
21%
wiejska Paradyż
21%
wiejska Strzelce
21%
wiejska Czarnocin
20%
wiejska Jeżów
20%
wiejska Inowłódz
19%
wiejska Lipce Reymontowskie
19%
wiejska Widawa
19%
skierniewicki wiejska Bolimów
18%
wiejska Osjaków
17%
wiejska Wola Krzysztoporska
16%
wiejska Żarnów
16%
wiejska Gorzkowice
15%
wiejska Grabica
15%
wiejska Łyszkowice
15%
wiejska Nieborów
15%
wiejska Parzęczew
15%
wiejska Rogów
15%
wiejska Rokiciny
15%
wiejska Bedlno
14%
wiejska Dąbrowice
14%
wiejska Gidle
13%
wiejska Góra Świętej Małgorzaty
13%
wiejska Grabów
13%
wiejska Lubochnia
13%
wiejska Dobroń
12%
wiejska Krzyżanów
12%
wiejska Będków
11%
wiejska Sędziejowice
11%
wiejska Zduny
11%
wiejska Dalików
10%
wiejska Domaniewice
10%
wiejska Drużbice
10%
wiejska Kiernozia
10%
wiejska Łanięta
10%
wiejska Mniszków
10%
wiejska Nowe Ostrowy
10%
wiejska Rusiec
10%
wiejska Rząśnia
10%
wiejska Rzeczyca
10%
wiejska Sulmierzyce
10%
wiejska Witonia
10%
wiejska Zapolice
10%
wiejska Żelechlinek
10%
wiejska Bielawy
9%
wiejska Burzenin
9%
wiejska Daszyna
9%
wiejska Dobryszyce
9%
wiejska Głuchów
9%
wiejska Gomunice
9%
wiejska Goszczanów
9%
wiejska Kiełczygłów
9%
wiejska Kluki
9%
wiejska Kobiele Wielkie
9%
wiejska Konopnica
9%
wiejska Maków
9%
wiejska Masłowice
9%
wiejska Nowa Brzeźnica
9%
wiejska Ostrówek
9%
wiejska Ręczno
9%
wiejska Siemkowice
9%
wiejska Sławno
9%
wiejska Świnice Warckie
9%
wiejska Wodzierady
9%
wiejska Żytno
9%
wiejska Brąszewice
8%
wiejska Brzeźnio
8%
wiejska Czerniewice
8%
wiejska Lgota Wielka
8%
wiejska Oporów
8%
wiejska Wartkowice
8%
wiejska Zadzim
8%
wiejska Białaczów
7%
wiejska Bolesławiec
7%
wiejska Czarnożyły
7%
wiejska Galewice
7%
wiejska Kocierzew Południowy
7%
wiejska Ładzice
7%
wiejska Mokrsko
7%
wiejska Pątnów
7%
wiejska Skomlin
7%
wiejska Sokolniki
7%
wiejska Strzelce Wielkie
7%
wiejska Wierzchlas
7%
wiejska Chąśno
6%
wiejska Dmosin
6%
wiejska Klonowa
6%
wiejska Łęki Szlacheckie
6%
wiejska Kodrąb
5%
wiejska Łubnice
5%
wiejska Nowy Kawęczyn
5%
wiejska Poświętne
5%
wiejska Wielgomłyny
5%
wiejska Wróblew
5%
wiejska Budziszewice
4%
wiejska Cielądz
4%
wiejska Czastary
4%
wiejska Pęczniew
4%
wiejska Słupia
4%
wiejska Godzianów
3%
wiejska Kowiesy
3%
wiejska Sadkowice
2%
wiejska Regnów
1%
Nie znaleziono quizów pasujących do podanych kryteriów
Rozkład punktacji
Procent ludzi z każdym wynikiem
Percentyl według liczby udzielonych odpowiedzi
Twoja historia wyników
Nie rozwiązałeś tego quizu